Advanced engineering mathematics (Record no. 1337)

000 -LEADER
fixed length control field 00610nam a2200217 a 4500
001 - CONTROL NUMBER
control field 1337
003 - CONTROL NUMBER IDENTIFIER
control field BD-DhUET
008 - FIXED-LENGTH DATA ELEMENTS--GENERAL INFORMATION
fixed length control field 980909s1999 nyua b 001 0 eng
020 ## - INTERNATIONAL STANDARD BOOK NUMBER
International Standard Book Number 047133328X
040 ## - CATALOGING SOURCE
Original cataloging agency DLC
Transcribing agency DLC
Modifying agency BD-DhUET
082 00 - DEWEY DECIMAL CLASSIFICATION NUMBER
Classification number 530.15
Item number KRE/1999
100 ## - MAIN ENTRY--PERSONAL NAME
Personal name Kreyszig, Erwin
245 10 - TITLE STATEMENT
Title Advanced engineering mathematics
250 ## - EDITION STATEMENT
Edition statement 8th ed.
260 ## - PUBLICATION, DISTRIBUTION, ETC. (IMPRINT)
Place of publication, distribution, etc. New Delhi
Name of publisher, distributor, etc. John Wiley & Sons
Date of publication, distribution, etc. 1999
300 ## - PHYSICAL DESCRIPTION
Extent xvi,1156 p.+ various paging
504 ## - BIBLIOGRAPHY, ETC. NOTE
Bibliography, etc Includes bibliographies
650 #0 - SUBJECT ADDED ENTRY--TOPICAL TERM
Topical term or geographic name as entry element Engineering mathematics
856 41 - ELECTRONIC LOCATION AND ACCESS
Uniform Resource Identifier http://www.loc.gov/catdir/toc/onix04/98037591.html
942 ## - ADDED ENTRY ELEMENTS (KOHA)
Koha item type General Book
Holdings
Lost status Source of classification or shelving scheme Koha date last seen Date acquired Price effective from Location (home branch) Copy number Not for loan Koha full call number Koha issues (times borrowed) Koha item type Koha renewals Sublocation or collection (holding branch) Damaged status Koha normalized classification for sorting Piece designation (barcode) Withdrawn status Koha date last borrowed Shelving location
  2024-03-062014-09-032014-09-03Central Library, BUET1 530.15/KRE/19992General Book Central Library, BUET 530_000000000000000_15KRE1999103814 2024-01-30Circulation section
  2014-09-032014-09-032014-09-03Central Library, BUET2 530.15/KRE/1999 General Book Central Library, BUET 530_000000000000000_15KRE1999103815  Circulation section
  2024-02-032014-09-032014-09-03Central Library, BUET3 530.15/KRE/19996General Book Central Library, BUET 530_000000000000000_15KRE1999103816 2024-01-22Circulation section
  2024-02-172014-09-032014-09-03Central Library, BUET4 530.15/KRE/19993General Book Central Library, BUET 530_000000000000000_15KRE1999103817 2024-01-30Circulation section
  2024-02-192014-09-032014-09-03Central Library, BUET5 530.15/KRE/19995General Book Central Library, BUET 530_000000000000000_15KRE1999103818 2024-01-30Circulation section
  2024-02-052014-10-272014-10-27Central Library, BUET6 530.15/KRE/19998General Book2Central Library, BUET 530_150000000000000_KRE_199997509 2024-01-30Circulation section
  2015-06-162015-06-162015-06-16Central Library, BUET7 530.15/KRE/1999 Reading Item Central Library, BUET 530_150000000000000_KRE_199996647  Reading section
  2026-01-182003-05-102017-05-28Central Library, BUET8 530.15/KRE/19998General Book Central Library, BUET 530_150000000000000_KRE_199997508 2025-12-01Circulation section